Christmas angel / (Record no. 6609)

MARC details
000 -LEADER
fixed length control field 01061nam a22003137a 4500
001 - CONTROL NUMBER
control field 6609
003 - CONTROL NUMBER IDENTIFIER
control field FISKH
005 - DATE AND TIME OF LATEST TRANSACTION
control field 20250819132305.0
008 - FIXED-LENGTH DATA ELEMENTS--GENERAL INFORMATION
fixed length control field 250513b cb ||||| |||| 00| 0 eng d
020 ## - INTERNATIONAL STANDARD BOOK NUMBER
International Standard Book Number 0439755336
040 ## - CATALOGING SOURCE
Original cataloging agency FISKH
Language of cataloging eng
Transcribing agency FISKH
Modifying agency FISKH
050 ## - LIBRARY OF CONGRESS CALL NUMBER
Classification number PZ7.L51436 C
082 ## - DEWEY DECIMAL CLASSIFICATION NUMBER
Classification number 529
100 ## - MAIN ENTRY--PERSONAL NAME
Personal name B.Lee, Quinlan
245 ## - TITLE STATEMENT
Title Christmas angel /
Statement of responsibility, etc. By Quinlan B.Lee ; Illustrated by John Kurtz
250 ## - EDITION STATEMENT
Edition statement This edition first published in 2005
260 ## - PUBLICATION, DISTRIBUTION, ETC.
Place of publication, distribution, etc. New York :
Name of publisher, distributor, etc. Scholastic,
Date of publication, distribution, etc. 2005
300 ## - PHYSICAL DESCRIPTION
Extent 23 pages :
Other physical details color illustrations ;
Dimensions 21 cm
490 ## - SERIES STATEMENT
Series statement Clifford's puppy days
505 ## - FORMATTED CONTENTS NOTE
Formatted contents note N<br/>
520 ## - SUMMARY, ETC.
Summary, etc. It's Christmastime! Clifford loves the presents, the parties, and the yummy food. Decorating the big tree is especially fun! But what do those things really have to do with the holiday spirit?<br/>
521 8# - TARGET AUDIENCE NOTE
Target audience note 570<br/>
Source Lexile<br/>
521 8# - TARGET AUDIENCE NOTE
Target audience note N<br/>
Source Raz-Plus<br/>
650 ## - SUBJECT ADDED ENTRY--TOPICAL TERM
Source of heading or term Christmas
Topical term or geographic name entry element Holidays - Christmas
650 ## - SUBJECT ADDED ENTRY--TOPICAL TERM
Source of heading or term Bridwell
Topical term or geographic name entry element Easy Lee
700 ## - ADDED ENTRY--PERSONAL NAME
Personal name Kurtz, John
Dates associated with a name illustrator
942 ## - ADDED ENTRY ELEMENTS (KOHA)
Source of classification or shelving scheme Dewey Decimal Classification
Koha item type Books
Suppress in OPAC No
Holdings
Withdrawn status Lost status Source of classification or shelving scheme Damaged status Not for loan Collection Home library Current library Shelving location Date acquired Total Checkouts Full call number Barcode Date last seen Copy number Price effective from Koha item type
    Dewey Decimal Classification     Juvenile Fiction Footprints International School Library Network Toul Tom Poung Campus Footprints International School Library Network Toul Tom Poung Campus TTP Primary Yellow Bookshelves 05/13/2025   LEE 529 PZ7.L51436 C 2025-1305 05/13/2025 1 05/13/2025 Books
    Dewey Decimal Classification     Juvenile Fiction Footprints International School Library Network Toul Tom Poung Campus Footprints International School Library Network Toul Tom Poung Campus TTP Primary Yellow Bookshelves 08/19/2025   LEE 529 PZ7.L51436 C FISTK03883 08/19/2025 2 08/19/2025 Books